| 000 | 00472nam a2200145 4500 | ||
|---|---|---|---|
| 008 | 170331b xxu||||| |||| 00| 0 eng d | ||
| 022 | _a01153544 | ||
| 082 | _aDPer 338.05 En86 Apr-Jul 2015 v. 15, n. 158-161 | ||
| 245 | _aFinding bliss in the cold. | ||
| 260 |
_aPhilippines: _bSummit Media, _cApr-Jul 2015. |
||
| 300 |
_av15 n159, page 15: _billustrations, _c28 cm. |
||
| 500 | _aEntrepreneur. | ||
| 650 | 0 |
_919743 _aBusiness _xFruit preservation |
|
| 942 |
_2ddc _cPER |
||
| 999 |
_c6534 _d6534 |
||